Catálogo - Centro de Recursos para el Aprendizaje y la Investigación

Volver al Sitio - CRAI Biblioteca

Calidad de vida en personas adultas y mayores : (Registro nro. 113746)

Detalles MARC
000 -CABECERA
campo de control de longitud fija 01503nam a22003014 4500
001 - NÚMERO DE CONTROL
campo de control 113746
003 - IDENTIFICADOR DEL NÚMERO DE CONTROL
campo de control DR-UNIBE
005 - FECHA Y HORA DE LA ÚLTIMA TRANSACCIÓN
campo de control 20251008095754.0
007 - CAMPO FIJO DE DESCRIPCIÓN FÍSICA--INFORMACIÓN GENERAL
campo de control de longitud fija cr nn 008mamaa
008 - DATOS DE LONGITUD FIJA--INFORMACIÓN GENERAL
campo de control de longitud fija 250612b2021 sp |||||s|||| 00| 0 spa d
020 ## - NÚMERO INTERNACIONAL ESTÁNDAR DEL LIBRO
Número Internacional Estándar del Libro 9788436276978 (electrónico)
040 ## - FUENTE DE LA CATALOGACIÓN
Centro catalogador/agencia de origen BIBLIOTECA UNIBE
Centro/agencia transcriptor BIBLIOTECA UNIBE
Normas de descripción rda
041 ## - CÓDIGO DE LENGUA
Código de lengua del texto/banda sonora o título independiente spa
100 1# - ENTRADA PRINCIPAL--NOMBRE DE PERSONA
Nombre de persona Juanas Oliva, Ángel de
Término indicativo de función/relación autor
9 (RLIN) 196374
100 1# - ENTRADA PRINCIPAL--NOMBRE DE PERSONA
Nombre de persona Ortega Navas, María del Carmen
Término indicativo de función/relación autor
9 (RLIN) 196375
245 10 - MENCIÓN DE TÍTULO
Título Calidad de vida en personas adultas y mayores :
Resto del título intervención educativa en contextos sociales
260 ## - PUBLICACIÓN, DISTRIBUCIÓN, ETC.
Lugar de publicación, distribución, etc. Madrid :
Nombre del editor, distribuidor, etc. Universidad Nacional de Educación a Distancia (UNED),
Fecha de publicación, distribución, etc. 2021
300 ## - DESCRIPCIÓN FÍSICA
Extensión 327 páginas
500 ## - NOTA GENERAL
Nota general Recurso en línea:<br/>Disponible para miembros de UNIBE a través del portal web del CRAI: https://www.unibe.edu.do/biblioteca/libros-electronicos/
505 ## - NOTA DE CONTENIDO CON FORMATO
Nota de contenido con formato El aprendizaje de las personas adultas y mayores en la sociedad del conocimiento |<br/>Intervención y desarrollo integral en personas adultas y mayores: sus derechos humanos fundamentales |<br/>Calidad de vida en personas mayores |<br/>Envejecimiento activo y saludable: desafíos, estilos de vida y medidas preventivas |<br/>
650 #7 - PUNTO DE ACCESO ADICIONAL DE MATERIA--TÉRMINO DE MATERIA
Término de materia o nombre geográfico como elemento de entrada Ancianos
Fuente del encabezamiento o término lemb
650 #7 - PUNTO DE ACCESO ADICIONAL DE MATERIA--TÉRMINO DE MATERIA
Término de materia o nombre geográfico como elemento de entrada Trabajo social con ancianos
Fuente del encabezamiento o término lemb
650 #7 - PUNTO DE ACCESO ADICIONAL DE MATERIA--TÉRMINO DE MATERIA
Término de materia o nombre geográfico como elemento de entrada Edad adulta
Fuente del encabezamiento o término lemb
655 #4 - TÉRMINO DE INDIZACIÓN--GÉNERO/FORMA
Datos o término principal de género/forma Recurso electrónico
9 (RLIN) 42681
700 1# - PUNTO DE ACCESO ADICIONAL--NOMBRE DE PERSONA
Nombre de persona Martín Ortega, Elena
Término indicativo de función/relación prologuista
9 (RLIN) 195736
856 ## - LOCALIZACIÓN Y ACCESO ELECTRÓNICOS
Identificador Uniforme del Recurso <a href="https://ebookcentral.proquest.com/lib/unibedr/detail.action?docID=6782176">https://ebookcentral.proquest.com/lib/unibedr/detail.action?docID=6782176</a>
942 ## - ELEMENTOS DE PUNTO DE ACCESO ADICIONAL (KOHA)
Fuente del sistema de clasificación o colocación Sistema de Clasificación Decimal Dewey
Tipo de ítem Koha e-Libro (en línea)
Existencias
Estado de retiro Estado de pérdida Fuente del sistema de clasificación o colocación No para préstamo Código de colección Localización permanente Fecha de adquisición Total de préstamos Código de barras Fecha visto por última vez Número de copia Precio válido a partir de Tipo de ítem Koha
  Disponible Sistema de Clasificación Decimal Dewey   e-Libro de Texto (en línea) Biblioteca Central UNIBE 12/06/2025   EB0490 12/06/2025 copias ilimitadas 12/06/2025 e-Libro (en línea)